Date e Segno zodiacale - Quiz n°2 - Statistics

Statistiche generali
  • Questo quiz è stato fatto 16 volte
  • Il punteggio medio è 8 su 10
Statistiche sulle risposte
Hint Risposta % Corretto
13 agosto Leone
93%
31 luglio Leone
86%
27 novembre Sagittario
86%
5 aprile Ariete
79%
24 febbraio Pesci
79%
14 dicembre Sagittario
79%
27 aprile Toro
79%
26 dicembre Capricorno
71%
9 giugno Gemelli
71%
13 marzo Pesci
50%
Nessun quiz corrispondente trovato
Distribuzione punteggi
Percentuale di utenti per punteggio
Percentile per numero di risposta
I tuoi punteggi nel tempo
Non hai fatto questo quiz